Exportní dotace jako faktor měnící podmínky světového obchodu se zemědělskou produkcí
Uložené v:
| Hlavný autor: | |
|---|---|
| Médium: | Kapitola |
| Jazyk: | Czech |
| Tagy: |
Žiadne tagy, Buďte prvý, kto otaguje tento záznam!
|
MARC
| LEADER | 00000naa$a2200000$$$4500 | ||
|---|---|---|---|
| 001 | 0149407 | ||
| 005 | 20221007085825.3 | ||
| 041 | 0 | |a cze | |
| 044 | |a CZ | ||
| 245 | 1 | 0 | |a Exportní dotace jako faktor měnící podmínky světového obchodu se zemědělskou produkcí |c Iva Nedomlelová |
| 100 | 1 | |a Nedomlelová, Iva | |